[Event "Gelsenkirchen Koenigsspringer op"]
[Site "Gelsenkirchen"]
[Date "2019.12.30"]
[Round "7"]
[White "Eibl, Ruediger"]
[Black "Schwab, Patrick1"]
[Result "1/2-1/2"]
[WhiteElo "1662"]
[BlackElo "1841"]
[PlyCount "33"]
[EventDate "2019.12.27"]
[EventType "swiss"]
[EventRounds "7"]
[EventCountry "GER"]
[SourceTitle "CBM 194 Extra"]
[Source "ChessBase"]
[SourceDate "2020.03.31"]
[SourceVersion "1"]
[SourceVersionDate "2020.03.31"]
[SourceQuality "1"]

1. d4 e6 2. Bf4 Nf6 3. e3 b6 4. Nf3 Bb7 5. c3 Be7 6. Nbd2 d6 7. h3 Nbd7 8. Bh2 h6 9. Bd3 0-0 10. 0-0 Re8 11. Re1 c5 12. Bb5 a6 13. Ba4 b5 14. Bc2 Qb6 15. e4 cxd4 16. Nxd4 Rac8 17. Kh1 1/2-1/2

[Event "Gelsenkirchen Koenigsspringer op"]
[Site "Gelsenkirchen"]
[Date "2019.12.28"]
[Round "3"]
[White "Eibl, Ruediger"]
[Black "Westendorp, Christian"]
[Result "0-1"]
[WhiteElo "1662"]
[BlackElo "1832"]
[PlyCount "54"]
[EventDate "2019.12.27"]
[EventType "swiss"]
[EventRounds "7"]
[EventCountry "GER"]
[SourceTitle "CBM 194 Extra"]
[Source "ChessBase"]
[SourceDate "2020.03.31"]
[SourceVersion "1"]
[SourceVersionDate "2020.03.31"]
[SourceQuality "1"]

1. d4 Nf6 2. Bf4 g6 3. Nc3 Bg7 4. Qd2 c5 5. Nf3 0-0 6. Bh6 cxd4 7. Nxd4 Bxh6 8. Qxh6 Qb6 9. 0-0-0 d5 10. f3 e5 11. Nb3 Be6 12. Kb1 Nbd7 13. h4 Rfc8 14. h5 Nf8 15. hxg6 fxg6 16. g4 d4 17. g5 Bxb3 18. gxf6 Bxc2+ 19. Kxc2 Qxf6 20. Kb1 dxc3 21. bxc3 Rxc3 22. Bh3 Rc6 23. Bg4 Rb6+ 24. Kc2 Qc6+ 25. Kd3 Rd8+ 26. Ke3 Qc5+ 27. Ke4 Rb4+ 0-1